Social protection and cash transfers to strengthen families affected by HIV and AIDS / (Record no. 18467)

000 -LEADER
fixed length control field 00772cam a2200241 a 4500
020 ## - INTERNATIONAL STANDARD BOOK NUMBER
ISBN 9780896292017 (alk. paper)
040 ## - CATALOGING SOURCE
Transcribing agency DNAL
082 00 - DEWEY DECIMAL CLASSIFICATION NUMBER
Classification number 362 INT 2012 C146 Or.
100 1# - MAIN ENTRY--AUTHOR NAME
Personal name Adato, Michelle.
245 10 - TITLE STATEMENT
Title Social protection and cash transfers to strengthen families affected by HIV and AIDS /
260 ## - PUBLICATION, DISTRIBUTION, ETC. (IMPRINT)
Place of publication Washington, D.C. :
Name of publisher International Food Policy Research Institute,
Year of publication 2012.
300 ## - PHYSICAL DESCRIPTION
Number of Pages xviii, 217 p. :
Other physical details ill. ;
Dimensions 24 cm.
490 1# - SERIES STATEMENT
Series statement IFPRI research monograph
650 #0 - SUBJECT ADDED ENTRY--TOPICAL TERM
Topical Term HIV infections
650 #0 - SUBJECT ADDED ENTRY--TOPICAL TERM
Topical Term HIV infections
650 #0 - SUBJECT ADDED ENTRY--TOPICAL TERM
Topical Term HIV infections
650 #0 - SUBJECT ADDED ENTRY--TOPICAL TERM
Topical Term AIDS (Disease)
650 #0 - SUBJECT ADDED ENTRY--TOPICAL TERM
Topical Term AIDS (Disease)
650 #0 - SUBJECT ADDED ENTRY--TOPICAL TERM
Topical Term AIDS (Disease)
700 1# - ADDED ENTRY--PERSONAL NAME
Personal name Bassett, Lucy.
710 2# - ADDED ENTRY--CORPORATE NAME
Corporate name or jurisdiction name as entry element International Food Policy Research Institute.
942 ## - ADDED ENTRY ELEMENTS (KOHA)
Koha item type ADB
952 ## - LOCATION AND ITEM INFORMATION (KOHA)
Withdrawn status [LOCAL, KOHA] 0
Holdings
Koha item type Source of acquisition Lost status Permanent Location Current Location Date acquired Full call number
សៀវភៅភាសាអង់គ្លេសA39096 Library Block CLibrary Block C2019-12-04362 INT 2012 C146 Or.
មជ្ឈមណ្ឌលឯការនៃសាកលវិទ្យាល័យភូមិន្ទកសិកម្មចំការដូង

Powered by Koha